| 000 | 00806nam a2200253 i 4500 | ||
|---|---|---|---|
| 001 | 110715 | ||
| 003 | ES-MaACL | ||
| 005 | 20230906185136.0 | ||
| 007 | t| | ||
| 008 | 070119s1990 sp ||||1| spa d | ||
| 020 | _a84-7046-475-2 | ||
| 080 | _a1 Wittgenstein | ||
| 100 | 1 |
_aPrades Celma, José Luis. _993597 |
|
| 245 | 1 | 0 |
_aWittgenstein / _cJosé Luis Prades Celma, Vicente Sanfélix Vidarte. |
| 260 |
_aMadrid : _bCincel, _c1990. |
||
| 300 |
_a238 p. ; _c19 cm. |
||
| 490 | 1 |
_aHistoria de la filosofía ; _v46 |
|
| 504 | _aBibliografía p. 231-238. Indice. | ||
| 600 | 1 | 4 |
_aWittgenstein, Ludwig- _xCrítica e interpretación. _9117185 |
| 700 | 1 |
_aSanfélix, Vicente. _9103134 |
|
| 830 | 0 |
_aHistoria de la filosofía ; _v46 _9181726 |
|
| 852 |
_aES-MaACL _jL-15613 |
||
| 999 |
_c110715 _d110715 |
||